000
00337 a2200157 4500
001
169750
020
_a
040
_c
Magnum
100
_a
Rocha, Ruth
240
1
0
_a
El libro de las tintas
_l
ESP
245
1
0
_a
El libro de las tintas
362
0
_a
1899
440
1
_a
Melhoramentos
697
_a
LITERATURA ESTRANGEIRA
942
_c
BK
999
_c
169750
_d
169750